000 00545nam a2200193 a 4500
001 000030133
005 20200930060054.0
008 110429s1920 dr 000 0 spa d
040 _aDO-SdBNP
_bspa
_cBNPHU
082 _axxx
_bU12
100 1 _aUbaldo Gómez, Ml.
_956841
245 1 0 _aRecuerdos /
_cMl. Ubaldo Gómez.
260 _aLa Vega, República Dominicana. :
_bEl Progreso,
_c1920.
300 _a69 p. ;
_c17 cm.
490 1 _aNacional
500 _aIncluye notas al pie de las páginas
830 0 _aNacional
_926374
049 _aBNPD
999 _c29625
_d29625